=LDR 00000nam 2200000 4500 =001 INLIS000000000009583 =005 20200706024737 =035 ##$$a 0010-061300000009583 =008 200706################g##########0#ind## =041 ##$$a Ind =082 ##$$a 2x6.4 =090 ##$$a 2x6.4, Qaz m =100 ##$$a Qazan, Shalah =245 1#$$a Membangun gerakan menuju pembebasan perempuan /$c Shalah Qazan =260 ##$$a Surakarta :$b Intermedia,$c 2001 =300 ##$$a 206 hlm, ; $c 23 x 16 cm. =650 #4$$a Islam dan Kedudukan Wanita =850 ##$$a NBPNMAT =020 ##$$a 979-9183-51-0 =084 ##$$a 2x6.4 QAZ m =990 ##$$a 110.330/Pro-2002 =990 ##$$a 110.331/Pro-2002 =990 ##$$a 110.332/Pro-2002 =990 ##$$a 1036716 =990 ##$$a 170.331/Pro-2002 =990 ##$$a 1036715